书目信息

书名: 中国十大传奇小说 
作者: 金源 主编
出版信息: 兰州   兰州大学出版社  2006
开本页数: 20cm  220页
丛书名: 华夏文化典藏书系
单 册:
中图分类: I242
科图分类:
主题词: 传奇小说--选集--中国--古代
电子资源:
ISBN: 7-311-02701-2
000 00750nam0 2200253 450
001 1326
005 20091229223305.0
010    @a7-311-02701-2@dCNY10.00
100    @a20091229d2009 Km y0chiy0120 ea
101 @achi
102    @aCN@b620000
105    @aa z 000ay
106    @ar
200 @a中国十大传奇小说@Azhong guo shi da chuan qi xiao shuo@f金源主编
210    @a兰州@c兰州大学出版社@d2006
215    @a220页@c图@d20cm
225 @a华夏文化典藏书系
308    @a丛书第二辑
330    @a本书从认识和借鉴及陶冶情操等方面着眼,选了10篇传统侠义小说。并且每篇都附有译文,以及对应图画。
461  0 @12001@a华夏文化典藏书系
606 @a传奇小说@j选集@y中国@z古代
690    @aI242@v4
701  0 @a金源@Ajin yuan@4主编
905    @dI242@e47
    
    中国十大传奇小说/金源主编.-兰州:兰州大学出版社,2006
    220页:图;20cm.-(华夏文化典藏书系)
    
    
    ISBN 7-311-02701-2:CNY10.00
    本书从认识和借鉴及陶冶情操等方面着眼,选了10篇传统侠义小说。并且每篇都附有译文,以及对应图画。
相关链接 在五车中查询图书 在当当中查询图书 在豆瓣中查询图书


正题名:中国十大传奇小说     索取号:I242/47         预约/预借

序号 登录号 条形码 馆藏地/架位号 状态 备注
1 384023   300384023   海科密-1楼/36架14列5层/ [索取号:I242/47] 在馆    
2 384024   300384024   海科密-1楼/36架14列5层/ [索取号:I242/47] 在馆    
3 384025   300384025   海科密-1楼/36架14列5层/ [索取号:I242/47] 在馆    
4 384026   300384026   海科密-1楼/36架14列5层/ [索取号:I242/47] 在馆    
5 384027   300384027   海科密-1楼/36架14列5层/ [索取号:I242/47] 在馆